01340nam a2200409 i 450000100060000000300080000600500170001400600190003100700150005000800410006502000280010603500210013404000310015505000210018608000070020708200140021424501140022826400390034230000530038133600310043433700330046533800430049849000100054150000220055158800830057365000150065665000180067165000190068965000150070865000220072365000240074565500270076970000280079670000320082483000110085685600630086731488FINmELB20241216220649.0m o d | cr cnu||||||||170106s2016 sp o 001 0 spa d a9788491163756q(e-book) a(OCoLC)984773907 aFINmELBbspaerdacFINmELB 4aHT166bC649 2016 a710 a711.422300a¿Cómo pueden ser más inteligentes las ciudades? /cMirela Fiori, editora ; Marta Continente [y otros 4]. 1aBarcelona :bEditorial UOC,c2016. a1 recurso en línea (108 páginas sin numerar) atextobtxt2rdacontent/spa acomputadorabc2rdamedia/spa arecurso en líneabcr2rdacarrier/spa1 aH2PAC aIncluye índice. aDescripción basada en metadatos suministrados por el editor y otras fuentes. 0aSociology. 4aSociología. 0aCity planning. 4aUrbanismo. 0aCities and towns. 4aCiudades y pueblos. 4aLibros electrónicos.1 aFiori, Mirela,eedtora.1 aContinente, Marta,eautora. 0aH2PAC.40uhttps://elibro.net/ereader/politecnicointernacional/113716